00497nam a2200181Ia 450000500170000000800410001704000190005804100120007708200200008910000160010924500290012526000370015430000120019144000240020365000450022770000330027285000100030520230114140429.0131103s9999 xx 000 0 und d aLoreto College aEnglish a813.54bBEL-TAN aTanner,Tony aSaul BellowcTony Tanner aEdinburghbOliver and Boydc1965 a120 p.  aWriters and Critics aAmerican Fiction - History and Criticism aJeffares,A.Norman,series ed. aLCLIB